Antología Personal

保存先:
書誌詳細
第一著者: Sosa, Roberto
フォーマット: 図書
言語:Undetermined
出版事項: San José, Costa Rica EDUCA 1995
主題:
タグ: タグ追加
タグなし, このレコードへの初めてのタグを付けませんか!

MARC

LEADER 00000nam a2200000Ia 4500
008 170316s9999 xx 000 0 und d
040 |a cru BVZT 
090 |a 860 S-31a 
100 |a Sosa, Roberto 
245 |a Antología Personal 
260 |a San José, Costa Rica 
260 |b EDUCA 
260 |c 1995 
300 |a 124 páginas. 
650 |a LITERATURA LATINOAMERICANA 
650 |a POESÍA HONDUREÑA 
999 |c 9242  |d 9242 
942 |c 15 D  |h 860 S-31a  |2 z